Nueva e interesante especie de Sloanea (Elaeocarpaceae) del Pacífico colombiano (Registro nro. 16193)

Detalles MARC
000 -CABECERA
Campo de control 004480000a22001210004500
090 ## - CLASIFICACIÓN LOCAL
Colección AS
Consecutivo Seriadas
041 0# - IDIOMA
Código de idioma para texto/pista de sonido o título separado
100 1# - ASIENTO PRINCIPAL--NOMBRE PERSONAL
Nombre personal Palacios Duque, Leonardo
245 10 - MENCION DE TITULO
Título Nueva e interesante especie de Sloanea (Elaeocarpaceae) del Pacífico colombiano
700 1# - ASIENTO SECUNDARIO - NOMBRE PERSONAL
Nombre personal Fernández Alonso, José Luis
773 1# - Item fuente:
Título Revista de la Academia Colombiana de Ciencias Exactas, Físicas y Naturales
Descripción física 111
Paginas del Articulo 179-182
Lugar, editorial y fecha de publicación 2005
Información sobre la relación 29
942 ## - ELEMENTOS ADICIONALES (KOHA)
Tipo de ítem Artículo

No hay ítems disponibles.